BIBLIOTHÈQUE DE LA MAISON DU MEXIQUE

Logo 1 Logo 2

Actas de la primera sesión del XXVII Congreso Internacional de Americanistas, celebrada en la Ciudad de México en 1939 (notice nᵒ 9094)

détails MARC
000 -Sello discográfico
campo de control de longitud fija 01110nam a2200361 4500
005 - Identificación de versión
campo de control 20251016085136.0
035 ## - Otros números de control del sistema
Número de control del sistema 2612
099 ## - fechas locales
Tipo de ítem Koha LIBRO
100 ## - Datos de procesamiento general
Datos de procesamiento general 20030626d1939 m y1spay5003 ba
105 ## - Campo de datos codificados: Material textual, monográfico
Datos codificados de monografía a 101zy
200 1# - Título y mención de responsabilidad
Título propio Actas de la primera sesión del XXVII Congreso Internacional de Americanistas, celebrada en la Ciudad de México en 1939
Designación general del material texto impreso
Número de una pieza Tomo II
210 ## - Publicación, distribución, etc.
Lugar de publicación, distribución, etc. México
Nombre del editor, distribuidor, etc. Instituto Nacional de Antropología e Historia
Fecha de publicación, distribución, etc. 1939
215 ## - Descripción física
Designación de material específico y extensión del ítem 664 p
Otras características físicas il.
Dimensiones 30 cm
318 ## - Nota de acción
Acción No se presta a domicilio
345 ## - Nota de información de adquisición
Fuente de adquisición/dirección de la suscripción [OBSOLETO] Donación
606 ## - Término temático usado como materia
Elemento de entrada Etnología
Subdivisión temática Congresos
Número Koha 1391
606 ## - Término temático usado como materia
Elemento de entrada Indios
Subdivisión temática Congresos
Número Koha 15477
607 ## - Nombre geográfico utilizado como tema
Elemento de entrada América
Subdivisión temática Antigüedades
-- Congresos
Número Koha 15478
660 ## - Código de área geográfica
Código MX
676 ## - Clasificación Decimal Dewey
Número F970.1 C74a
710 ## - Nombre de entidad corporativa - Responsabilidad primaria
Elemento de entrada Congreso Internacional de Americanistas
Fecha de la reunión 1939
Lugar de la reunión México
Número Koha 15479
801 #0 - Fuente de origen
Agencia cm
900 ## -
-- 1/3586
900 ## -
-- 7100315333\260603
942 ## - ELEMENTOS DE ENTRADA SECUNDARIOS (KOHA)
Tipo de ítem Koha Livre

Pas d'exemplaire disponible.